Miasta na prawach powiatu w Polsce - Statystyki

Ogólne statystyki
  • Ten quiz został rozwiązany 37 razy
  • Średni wynik to 53 z 66
Statystyki odpowiedzi
województwo Miasto na prawach powiatu % Poprawnych
kujawsko-pomorskie Bydgoszcz
100%
pomorskie Gdańsk
100%
pomorskie Gdynia
100%
świętokrzyskie Kielce
100%
małopolskie Kraków
100%
podkarpackie Rzeszów
100%
podlaskie Białystok
96%
śląskie Katowice
96%
łódzkie Łódź
96%
lubelskie Lublin
96%
wielkopolskie Poznań
96%
kujawsko-pomorskie Toruń
96%
opolskie Opole
92%
mazowieckie Warszawa
92%
dolnośląskie Wrocław
92%
lubuskie Zielona Góra
92%
śląskie Bytom
88%
śląskie Częstochowa
88%
zachodniopomorskie Koszalin
88%
warmińsko-mazurskie Olsztyn
88%
śląskie Sosnowiec
88%
zachodniopomorskie Szczecin
88%
lubelskie Zamość
88%
warmińsko-mazurskie Elbląg
83%
lubuskie Gorzów Wielkopolski
83%
wielkopolskie Kalisz
83%
dolnośląskie Legnica
83%
mazowieckie Radom
83%
śląskie Bielsko-Biała
79%
śląskie Chorzów
79%
śląskie Dąbrowa Górnicza
79%
śląskie Jaworzno
79%
wielkopolskie Konin
79%
mazowieckie Płock
79%
pomorskie Sopot
79%
śląskie Zabrze
79%
lubelskie Biała Podlaska
75%
lubelskie Chełm
75%
śląskie Gliwice
75%
dolnośląskie Jelenia Góra
75%
podkarpackie Krosno
75%
wielkopolskie Leszno
75%
małopolskie Nowy Sącz
75%
śląskie Ruda Śląska
75%
pomorskie Słupsk
75%
małopolskie Tarnów
75%
kujawsko-pomorskie Włocławek
75%
podlaskie Łomża
71%
łódzkie Piotrków Trybunalski
71%
podkarpackie Przemyśl
71%
śląskie Rybnik
71%
mazowieckie Siedlce
71%
podlaskie Suwałki
71%
śląskie Tychy
71%
śląskie Jastrzębie-Zdrój
67%
śląskie Mysłowice
67%
śląskie Siemianowice Śląskie
67%
dolnośląskie Wałbrzych
67%
kujawsko-pomorskie Grudziądz
63%
zachodniopomorskie Świnoujście
63%
mazowieckie Ostrołęka
58%
łódzkie Skierniewice
58%
podkarpackie Tarnobrzeg
58%
śląskie Piekary Śląskie
54%
śląskie Świętochłowice
54%
śląskie Żory
54%
Nie znaleziono quizów pasujących do podanych kryteriów
Rozkład punktacji
Procent ludzi z każdym wynikiem
Percentyl według liczby udzielonych odpowiedzi
Twoja historia wyników
Nie rozwiązałeś tego quizu